| 000 | 00361nam a22001217a 4500 | ||
|---|---|---|---|
| 999 |
_c1625 _d1625 |
||
| 005 | 20200902113425.0 | ||
| 008 | 200902b ||||| |||| 00| 0 eng d | ||
| 020 | _a5578 | ||
| 040 | _cCML | ||
| 245 |
_aIntroduction to Plant Physiology. _cMeyer, B.S. |
||
| 260 |
_aLondon _bD. van Nostrand Company _c1960 |
||
| 942 |
_2ddc _cBK _e1st Edition _h581 _mMEY |
||